Philippines / (Record no. 6381)
[ view plain ]
| 000 -LEADER | |
|---|---|
| fixed length control field | 03010nam a22003017a 4500 |
| 001 - CONTROL NUMBER | |
| control field | 6381 |
| 003 - CONTROL NUMBER IDENTIFIER | |
| control field | FISKH |
| 005 - DATE AND TIME OF LATEST TRANSACTION | |
| control field | 20250425161433.0 |
| 008 - FIXED-LENGTH DATA ELEMENTS--GENERAL INFORMATION | |
| fixed length control field | 250425b cb ||||| |||| 00| 0 eng d |
| 020 ## - INTERNATIONAL STANDARD BOOK NUMBER | |
| International Standard Book Number | 9781741047219 |
| 040 ## - CATALOGING SOURCE | |
| Original cataloging agency | FISKH |
| Language of cataloging | eng |
| Transcribing agency | FISKH |
| Modifying agency | FISKH |
| 050 ## - LIBRARY OF CONGRESS CALL NUMBER | |
| Classification number | DS654 .P49 |
| 082 ## - DEWEY DECIMAL CLASSIFICATION NUMBER | |
| Classification number | 915 |
| 100 ## - MAIN ENTRY--PERSONAL NAME | |
| Personal name | Bloom, Greg |
| 245 ## - TITLE STATEMENT | |
| Title | Philippines / |
| Statement of responsibility, etc. | By Greg Bloom , Michael Grosberg, Virginia Jealous and Plers Kelly |
| 250 ## - EDITION STATEMENT | |
| Edition statement | First published , February 1981 |
| 260 ## - PUBLICATION, DISTRIBUTION, ETC. | |
| Place of publication, distribution, etc. | Fort Mill : |
| Name of publisher, distributor, etc. | Lonely Planet , |
| Date of publication, distribution, etc. | 2010. |
| 300 ## - PHYSICAL DESCRIPTION | |
| Extent | 484 pages : |
| Other physical details | color illustrations, maps ; |
| Dimensions | 20 cm . |
| 490 ## - SERIES STATEMENT | |
| Series statement | Lonely Planet |
| 520 ## - SUMMARY, ETC. | |
| Summary, etc. | Lonely Planet's local travel experts reveal all you need to know to plan the trip of a lifetime to the Philippines. Discover popular and off the beaten track experiences from visiting Boracay Island's stunning White Beach to sinking into a blissful swimming hole at Anuplig Falls, and gawking at the emerald-green rice terraces in and around the villages of Banaue and Batad. Build a trip to remember with Lonely Planet's Philippines travel guide:Our classic guidebook format provides you with the most comprehensive level of information for planning multi-week tripsUpdated with an all new structure and design so you can navigate the Philippines and connect experiences together with easeCreate your perfect trip with exciting itineraries for extended journeys combined with suggested day trips, walking tours, and activities to match your passionsGet fresh takes on must-visit sights including the rice terraces at Banaue and Batad; Jaro Cathedral; and Pagsanjan FallsSpecial features on picking your ideal island, Manila walking tour, activities guideExpert local recommendations on when to go, eating, drinking, nightlife, shopping, accommodation, adventure activities, festivals, and moreEssential information toolkit containing tips on arriving; transport; making the most of your time and money; LGBTIQ+ travel advice; useful words and phrases; accessibility; and responsible travelConnect with Philippines' culture through stories that delve deep into local life, history, and traditionsInspiring full-colour travel photography and mapsCovers Manila, Around Manila, North Luzon, Southeast Luzon, Mindoro, Boracay and Western Visayas, Cebu and Eastern Visayas, Mindanao, Palawan eBookFeatures: (Best viewed on tablet devices and smartphones) - Add notes to personalise your guidebook experience - Seamlessly flip between pages - Bookmarks and speedy search capabilities get you to key pages in a flash - Embedded links to recommendations' websites - Zoom-in on maps and images Create a trip that's uniquely yours and get to the heart of this extraordinary country with Lonely Planet's Philippines. |
| 650 ## - SUBJECT ADDED ENTRY--TOPICAL TERM | |
| Topical term or geographic name entry element | Lonely Planet |
| Form subdivision | Non-fiction |
| 650 ## - SUBJECT ADDED ENTRY--TOPICAL TERM | |
| Topical term or geographic name entry element | Philippines |
| Form subdivision | Non-fiction |
| 700 ## - ADDED ENTRY--PERSONAL NAME | |
| Personal name | Grosberg, Michael |
| Relator term | Illustrator |
| 700 ## - ADDED ENTRY--PERSONAL NAME | |
| Personal name | Jealous, Virginia |
| Relator term | Illustrator |
| 700 ## - ADDED ENTRY--PERSONAL NAME | |
| Personal name | Kelly, Plers |
| Relator term | Illustrator |
| 942 ## - ADDED ENTRY ELEMENTS (KOHA) | |
| Source of classification or shelving scheme | Dewey Decimal Classification |
| Koha item type | Books |
| Suppress in OPAC | No |
| Withdrawn status | Lost status | Source of classification or shelving scheme | Damaged status | Not for loan | Collection | Home library | Current library | Shelving location | Date acquired | Total Checkouts | Full call number | Barcode | Date last seen | Price effective from | Koha item type |
|---|---|---|---|---|---|---|---|---|---|---|---|---|---|---|---|
| Dewey Decimal Classification | Non-Fiction | Footprints International School Library Network Toul Tom Poung Campus | Footprints International School Library Network Toul Tom Poung Campus | TTP Secondary Non-Fiction Bookshelves | 04/25/2025 | BLO 915 DS654 .P49 | 2025-1131 | 04/25/2025 | 04/25/2025 | Books |
